000 00425nam a2200181Ia 4500
008 090124s9999 xx 000 0 und d
082 _b19908
_a3553
100 _aआपटे ह. ना.
245 _a आजच
250 _a2
260 _c1965
300 _a212
600 _aआपटे ह. ना.
630 _a आजच
700 _aआपटे ह. ना.
730 _a आजच
942 _cBOOK
999 _c133723
_d133723